000 01066cam a22002531i 4500
001 l 39000006
003 DLC
005 20260227111536.0
008 761214s1938 dcuab f000 0 eng c
010 _al 39000006
035 _a(OCoLC)2620463
040 _aU.S. Dept. of Labor. Libr.
_cMi
_dMi
_dDLC
042 _apremarc
050 0 0 _aHD6093
_b.A35 no. 160
100 1 _aMettert, Mrs. Margaret Jane Thompson,
_d1907-
245 1 0 _aIndustrial injuries to women and men, 1932 to 1934,
_cby Margaret T. Mettert.
260 _aWashington,
_bU.S. Govt. Print. Off.,
_c1938.
300 _av, 37 p.
_bincl. tables, diagrs. map.
_c23 cm.
490 0 _aBulletin of the [U.S.] Women's bureau ;
_vno. 160
500 _aAt head of title: United States Department of labor. Frances Perkins, secretary. Women's bureau. Mary Anderson, director.
500 _a"The fourth report issued by the Women's bureau in its series dealing with industrial injuries to women."--Letter of transmittal.
650 0 _aIndustrial accidents
650 0 _aWomen
_xEmployment
_zUnited States.
999 _c36280
_d36280